[Event "Deggendorf op"]
[Site "Deggendorf"]
[Date "2006.06.17"]
[Round "5"]
[White "Urban, Ulrich"]
[Black "Huber, Michael2222"]
[Result "1-0"]
[WhiteElo "1782"]
[BlackElo "1196"]
[PlyCount "65"]
[EventDate "2006.06.15"]
[EventType "swiss"]
[EventRounds "7"]
[EventCountry "GER"]
[SourceTitle "EXT 2008"]
[Source "ChessBase"]
[SourceDate "2007.11.25"]
[SourceVersion "1"]
[SourceVersionDate "2007.11.25"]
[SourceQuality "1"]

1. Nf3 e6 2. d4 d5 3. Bf4 Nf6 4. e3 c5 5. c3 Nc6 6. Be2 Be7 7. h3 0-0 8. 0-0 c4 9. b3 b5 10. a4 Ba6 11. axb5 Bxb5 12. Nbd2 Ne4 13. Nxe4 dxe4 14. Nd2 Nb8 15. Nxe4 Qd5 16. Nd2 cxb3 17. c4 Bxc4 18. Bxc4 Qc6 19. Qxb3 Nd7 20. Ra6 Qc8 21. Rfa1 Nb6 22. Bd3 f5 23. Nc4 Nxc4 24. Bxc4 Rf6 25. Rxa7 Rxa7 26. Rxa7 Bf8 27. Ra6 Kf7 28. Qa2 Rg6 29. Ra7+ Be7 30. Bd6 Qc6 31. Rxe7+ Kf6 32. d5 Qxd6 33. Rxe6+ 1-0